00319nam a2200109Ia 4500008004100000020001800041100001900059245005900078250001100137260004300148300001800191180205s9999 xx 000 0 und d a9781474412919 aPiller, Ingrid aIntercultural Communication :bA critical introduction a2nd ed aUK :bEdinburgh university pressc2017 aix, 227 pages